UBT Library

Information technology and organisational change / (Record no. 42623)

000 -LEADER
fixed length control field 00724pam a2200241 a 4500
001 - CONTROL NUMBER
control field 1492441
005 - DATE AND TIME OF LATEST TRANSACTION
control field 20180215050348.0
008 - FIXED-LENGTH DATA ELEMENTS--GENERAL INFORMATION
fixed length control field 880613s1988 enka b 000 0 eng
010 ## - LIBRARY OF CONGRESS CONTROL NUMBER
LC control number 88013084
020 ## - INTERNATIONAL STANDARD BOOK NUMBER
International Standard Book Number 0850663911 :
Terms of availability $56.00 (U.S.)
020 ## - INTERNATIONAL STANDARD BOOK NUMBER
International Standard Book Number 0850663881 (pbk.) :
Terms of availability $26.00 (U.S.)
040 ## - CATALOGING SOURCE
Original cataloging agency DLC
Transcribing agency DLC
Modifying agency DLC
041 ## - LANGUAGE CODE
Language code of text/sound track or separate title eng
080 ## - UNIVERSAL DECIMAL CLASSIFICATION NUMBER
Universal Decimal Classification number 658.4038
082 00 - DEWEY DECIMAL CLASSIFICATION NUMBER
Classification number 658.4038 EAS
Edition number 19
100 1# - Rafti
Rafti 54
101 ## - Shkurtesa
Shkurtesa LID
245 10 - TITLE STATEMENT
Title Information technology and organisational change /
Statement of responsibility, etc by Ken Eason.
504 ## - BIBLIOGRAPHY, ETC. NOTE
Bibliography, etc Bibliography: p. 235-240.
906 ## - LOCAL DATA ELEMENT F, LDF (RLIN)
a 7
b cbc
c orignew
d 1
e ocip
f 19
g y-gencatlg
942 ## - ADDED ENTRY ELEMENTS (KOHA)
Source of classification or shelving scheme
Item type Books
Holdings
Withdrawn status Lost status Source of classification or shelving scheme Damaged status Not for loan Collection code Permanent location Current location Shelving location Date acquired Total Checkouts Full call number Barcode Date last seen Price effective from Koha item type
          Koleksioni i përgjithshem UBT - Lipjan UBT - Lipjan Koleksioni i përgjithshem 02/15/2018   658.4038 EAS 002-2997378 02/15/2018 02/15/2018 Books
UBT Library © 2015-2024. All rights reserved University Education for Business and Technology